000 00211nam a2200097Ia 4500
005 20251222114353.0
008 251222s1900||||xx |||||||||||||| ||spa||
082 _aDVD0070/W42G
245 0 _aGallipoli:
942 _cDVD
999 _c1339
_d1339